Manpower Profile India year book 2005 (Record no. 6533)

MARC details
000 -LEADER
fixed length control field 00825 a2200217 4500
005 - DATE AND TIME OF LATEST TRANSACTION
control field 20080829130111.0
008 - FIXED-LENGTH DATA ELEMENTS--GENERAL INFORMATION
fixed length control field 080829t xxu||||| |||| 00| 0 eng d
010 ## - LIBRARY OF CONGRESS CONTROL NUMBER
LC control number ENG-87428
020 ## - INTERNATIONAL STANDARD BOOK NUMBER
International Standard Book Number 8178271664
Terms of availability 750.00
035 ## - SYSTEM CONTROL NUMBER
System control number EN-70961
037 ## - SOURCE OF ACQUISITION
Source of stock number/acquisition DBAD / PUB
082 ## - DEWEY DECIMAL CLASSIFICATION NUMBER
Classification number 331.110954
245 ## - TITLE STATEMENT
Title Manpower Profile India year book 2005
250 ## - EDITION STATEMENT
Edition statement 13th ed.
260 ## - PUBLICATION, DISTRIBUTION, ETC. (IMPRINT)
Place of publication, distribution, etc New Delhi
Name of publisher, distributor, etc Manak Publication
Date of publication, distribution, etc 2006
270 ## - ADDRESS
Address Institute of Applied Manpower Research, Narela, Delhi
City New Delhi
Postal code 110 040
300 ## - PHYSICAL DESCRIPTION
Extent xxi, 354 p.
Dimensions 24 cm (Pbk.)
500 ## - GENERAL NOTE
General note includes glossary and index
942 ## - ADDED ENTRY ELEMENTS (KOHA)
Institution code [OBSOLETE] dpl
Koha item type English Books
Call number prefix 331.110954/MAN
Source of classification or shelving scheme Dewey Decimal Classification
Classification part 331.110954
Call number suffix MAN
Holdings
Withdrawn status Lost status Damaged status Not for loan Home library Current library Date acquired Cost, normal purchase price Total Checkouts Full call number Barcode Date last seen Copy number Uniform Resource Identifier Cost, replacement price Price effective from Koha item type
        D.B.Act.Division D.B.Act.Division 29/08/2008 750.00   331.110954 MAN EN-70961 15/09/2008 1 7026 750.00 15/09/2008 English Books

© Delhi Public Library
Hit Counter
free hit counter